000 00285nam a2200097Ia 4500
008 220204s9999 xx 000 0 und d
082 _a330.34(100)
_bWOR
245 0 _aWorld development report 2000/2001 : Attacking poverty
260 _aOxford
_bOxford University Press
_c2001
942 _cBK
999 _c41747
_d41747